Mali Country Quiz - Statistics

General Stats
  • This quiz has been taken 24,940 times
    24,893 since last reset
  • The average score is 14 of 19
Answer Stats
Question Answer % Correct
Most common religion Islam
97%
Major desert covering northern Mali Sahara
96%
Bordering countries Algeria
94%
Bordering countries Niger
94%
Bordering countries Mauritania
93%
Bordering countries Burkina Faso
90%
Until 2023, this was the only official language of Mali French
88%
Bordering countries Senegal
86%
Bordering countries Guinea
85%
Bordering countries Ivory Coast
80%
Ancient city in central Mali that was once a major trading center Timbuktu
79%
Capital city Bamako
73%
Major line of longitude running through eastern Mali Prime Meridian
62%
Semi-arid area located south of the above Sahel
59%
What the Great Mosque of Djenné is built from Adobe
54%
Ruler of the Mali Empire sometimes (inaccurately) called the richest person in history Mansa {Musa}
54%
Among all countries, Mali is tied for the highest average annual ... Temperature
32%
Name one of Mali's two most common ethnic groups Mande | Fula
23%
"G" word that refers to a West African bard or storyteller Griot
15%
No matching quizzes found
Score Distribution
Percent of People with Each Score
Percentile by Number Answered
Your Score History
You have not taken this quiz since the last reset